Lê Quý Đôn toàn tập T.2 Kiến văn tiểu lục
Spremljeno u:
| Glavni autor: | |
|---|---|
| Format: | Knjiga |
| Izdano: |
H.
Khoa học xã hội
1977
|
| Teme: | |
| Oznake: |
Dodaj oznaku
Bez oznaka, Budi prvi tko označuje ovaj zapis!
|
| Thư viện lưu trữ: | Trung tâm Học liệu Lê Vũ Hùng, Trường Đại học Đồng Tháp |
|---|
| LEADER | 00756pam a22002538a 4500 | ||
|---|---|---|---|
| 001 | 00024445 | ||
| 005 | 20171026081023.0 | ||
| 008 | 110719s1977 ||||||Viesd | ||
| 041 | 0 | # | |a Vie |
| 082 | 1 | # | |a 895.922 08 |b L250QU |
| 100 | 0 | # | |a Lê Quý Đôn |
| 245 | 0 | 0 | |c Lê Quý Đôn |a Lê Quý Đôn toàn tập |n T.2 |p Kiến văn tiểu lục |
| 260 | # | # | |a H. |b Khoa học xã hội |c 1977 |
| 300 | # | # | |a 466 tr. |c 22 cm. |
| 653 | # | # | |a Lê Quý Đôn |
| 653 | # | # | |a Lịch sử |
| 653 | # | # | |a Đại Việt |
| 653 | # | # | |a Việt Nam |
| 852 | # | # | |b Kho đọc |j KD.0009251 |
| 852 | # | # | |j KD.0009251 |
| 910 | |d 19/07/2011 | ||
| 980 | # | # | |a Trung tâm Học liệu Lê Vũ Hùng, Trường Đại học Đồng Tháp |